|
|
|
|
| LEADER |
01235nam a2200265 a 4500 |
| 001 |
GR-MES1329 |
| 008 |
991111s1992 gr 000 0 gre d |
| 020 |
|
|
|a 9602651025
|
| 040 |
|
|
|a GrPaTEI
|b gre
|c GR-PaULI
|
| 245 |
0 |
0 |
|a Εργατικές αμοιβές και συσσώρευση κεφαλαίου στην ματαπολεμική Ελλάδα.
|
| 260 |
|
|
|a Αθήνα :
|b Εξάντας,
|c 1992
|
| 300 |
|
|
|a 132σελ. :
|b πιν.
|
| 650 |
|
4 |
|a Βιομηχανία
|
| 650 |
|
4 |
|a ΗΜΕΡΟΜΙΣΘΙΑ
|
| 650 |
|
4 |
|a Κεφάλαιο
|
| 650 |
|
4 |
|a ΜΕΤΑΠΟΛΕΜΙΚΗ ΕΛΛΑΔΑ
|
| 650 |
|
4 |
|a ΜΙΣΘΟΙ
|
| 650 |
|
4 |
|a Οικονομία
|
| 700 |
1 |
|
|a Ρύλμον, Πέτρος-Λινάρδος
|
| 710 |
0 |
|
|a Εξάντας
|
| 942 |
|
|
|2 ddc
|
| 952 |
|
|
|0 0
|1 0
|2 ddc
|4 0
|6 331_210000000000000_ΛΙΝ
|7 0
|9 265409
|a MSLG
|b MSLG
|c BSC
|d 2021-01-17
|e 24
|f 0
|g 0.00
|l 0
|o 331.21 ΛΙΝ
|p 2420000001275
|r 2021-01-17 00:00:00
|t 1
|w 2021-01-17
|y BK15
|x 19991111 0 1
|x GrPaTEI
|
| 952 |
|
|
|0 0
|1 0
|2 ddc
|4 0
|6 331_210000000000000_ΛΙΝ
|7 0
|9 265410
|a MSLG
|b MSLG
|c BSC
|d 2021-01-17
|e 24
|f 0
|g 0.00
|l 0
|o 331.21 ΛΙΝ
|p 2420000001826
|r 2021-01-17 00:00:00
|t 1
|w 2021-01-17
|y BK15
|x 19991111 0 1
|x GrPaTEI
|
| 971 |
|
|
|a .b25723716
|b 16-04-20
|c 13-09-16
|
| 999 |
|
|
|c 152589
|d 152589
|